[Event "Rasht Gilan Cup 1st"]
[Site "Rasht"]
[Date "2022.07.12"]
[Round "4"]
[White "Ezzati, Fereidoon"]
[Black "Jahedi, Mani"]
[Result "0-1"]
[WhiteElo "2082"]
[BlackElo "2250"]
[PlyCount "47"]
[EventDate "2022.07.09"]
[EventType "swiss"]
[EventRounds "9"]
[EventCountry "IRI"]
[SourceTitle "CBM 209 Extra"]
[Source "ChessBase"]
[SourceDate "2022.09.30"]
[SourceVersion "1"]
[SourceVersionDate "2022.09.30"]
[SourceQuality "1"]

1. e4 c5 2. Nc3 Nc6 3. f4 g6 4. Nf3 Bg7 5. Bc4 e6 6. 0-0 Nge7 7. d3 d5 8. Bb3 0-0 9. Qe1 Nd4 10. Nxd4 cxd4 11. Ne2 dxe4 12. dxe4 b5 13. Qg3 Qb6 14. Kh1 Bb7 15. Qh4 Rae8 16. f5 exf5 17. Bg5 Nc8 18. Nf4 Rxe4 19. Bh6 Qd8 20. Bg5 Qd6 21. Rf3 Rfe8 22. Rh3 h6 23. Bxh6 Bxh6 24. Nd3 0-1

[Event "IRI-ch"]
[Site "Tehran"]
[Date "2021.04.11"]
[Round "11"]
[White "Jahedi, Mani"]
[Black "Ghaem Maghami, Ehsan"]
[Result "0-1"]
[WhiteElo "2201"]
[BlackElo "2561"]
[PlyCount "60"]
[EventDate "2021.04.05"]
[EventType "tourn"]
[EventRounds "15"]
[EventCountry "IRI"]
[EventCategory "8"]
[SourceTitle "CBM 201 Extra"]
[Source "ChessBase"]
[SourceDate "2021.05.31"]
[SourceVersion "1"]
[SourceVersionDate "2021.05.31"]
[SourceQuality "1"]

1. e4 c5 2. Nf3 Nc6 3. d4 cxd4 4. Nxd4 Nf6 5. Nc3 d6 6. Bg5 Bd7 7. Be2 e6 8. Ndb5 Qb8 9. a4 a6 10. Na3 Qc7 11. Qd2 h6 12. Be3 Nb4 13. Nc4 d5 14. exd5 exd5 15. Nb6 Rd8 16. Nbxd5 Nfxd5 17. Nxd5 Nxd5 18. Qxd5 Bc6 19. Qc4 Qe5 20. Bf3 Bxf3 21. gxf3 Qxb2 22. 0-0 Qb4 23. Qe2 Be7 24. Rab1 Qh4 25. Rxb7 0-0 26. f4 Rc8 27. Rd1 Bc5 28. Rbd7 Rfe8 29. R1d2 Qh3 30. Qf1 Rxe3 0-1

[Event "IRI-ch"]
[Site "Tehran"]
[Date "2021.04.09"]
[Round "8"]
[White "Atakhan, Abtin"]
[Black "Jahedi, Mani"]
[Result "1-0"]
[WhiteElo "2294"]
[BlackElo "2201"]
[PlyCount "117"]
[EventDate "2021.04.05"]
[EventType "tourn"]
[EventRounds "15"]
[EventCountry "IRI"]
[EventCategory "8"]
[SourceTitle "CBM 201 Extra"]
[Source "ChessBase"]
[SourceDate "2021.05.31"]
[SourceVersion "1"]
[SourceVersionDate "2021.05.31"]
[SourceQuality "1"]

1. e4 c6 2. d4 d5 3. e5 g6 4. f4 Bg7 5. Nf3 Bg4 6. Be3 e6 7. Nbd2 Ne7 8. h3 Bxf3 9. Nxf3 Qb6 10. Bd3 Nd7 11. 0-0 Qc7 12. a4 0-0 13. Ra3 b6 14. g4 f6 15. Qe1 Rfe8 16. Ra1 f5 17. Ng5 Nf8 18. Qg3 c5 19. c3 a6 20. Kh1 c4 21. Bc2 b5 22. Rg1 Reb8 23. Rg2 b4 24. Bd2 b3 25. Bd1 Qc6 26. Be2 Ra7 27. h4 fxg4 28. Bxg4 h5 29. f5 exf5 30. Bf3 Re8 31. Nh3 Ne6 32. Nf4 Nxf4 33. Bxf4 Kf7 34. Bxh5 Rh8 35. Bf3 Bh6 36. Bxh6 Rxh6 37. Qg5 Rh7 38. Rh2 Ke6 39. h5 Kd7 40. Rg1 Ra8 41. hxg6 Rxh2+ 42. Kxh2 Rh8+ 43. Bh5 Qxg6 44. Qxg6 Nxg6 45. Rxg6 Rxh5+ 46. Kg2 Rh4 47. Rd6+ Ke7 48. Rxd5 Re4 49. Kf3 Re1 50. Rc5 Rb1 51. Kf4 Rf1+ 52. Kg5 f4 53. Rxc4 f3 54. Kf4 f2 55. Kf3 Ke6 56. Rb4 Rb1 57. Kxf2 Rxb2+ 58. Ke3 Kd5 59. Kd3 1-0

[Event "IRI-ch"]
[Site "Tehran"]
[Date "2021.04.09"]
[Round "9"]
[White "Jahedi, Mani"]
[Black "Tabatabaei, Mohammad Amin"]
[Result "0-1"]
[WhiteElo "2201"]
[BlackElo "2629"]
[PlyCount "70"]
[EventDate "2021.04.05"]
[EventType "tourn"]
[EventRounds "15"]
[EventCountry "IRI"]
[EventCategory "8"]
[SourceTitle "CBM 201 Extra"]
[Source "ChessBase"]
[SourceDate "2021.05.31"]
[SourceVersion "1"]
[SourceVersionDate "2021.05.31"]
[SourceQuality "1"]

1. e4 c5 2. Nf3 d6 3. Bb5+ Nd7 4. d4 cxd4 5. Qxd4 a6 6. Be2 Ngf6 7. 0-0 g6 8. e5 dxe5 9. Nxe5 Bg7 10. Rd1 Nh5 11. f4 Qc7 12. Bxh5 Nxe5 13. Kh1 gxh5 14. fxe5 Bg4 15. Re1 Rd8 16. Qc3 Bxe5 17. Qxc7 Bxc7 18. Bg5 Be6 19. Nc3 Rg8 20. Be3 Rg4 21. Rad1 Rxd1 22. Rxd1 f6 23. h3 Rc4 24. Rd2 Be5 25. Re2 Bf5 26. Kg1 b5 27. a3 Kf7 28. Kf2 h4 29. Ke1 Bd7 30. Kd2 a5 31. Nd1 Bf5 32. c3 Rc8 33. Bf2 Bf4+ 34. Ne3 Be4 35. Ke1 Rd8 0-1

[Event "IRI-ch"]
[Site "Tehran"]
[Date "2021.04.06"]
[Round "3"]
[White "Jahedi, Mani"]
[Black "Mosadeghpour, Masoud"]
[Result "1-0"]
[WhiteElo "2201"]
[BlackElo "2498"]
[PlyCount "111"]
[EventDate "2021.04.05"]
[EventType "tourn"]
[EventRounds "15"]
[EventCountry "IRI"]
[EventCategory "8"]
[SourceTitle "CBM 201 Extra"]
[Source "ChessBase"]
[SourceDate "2021.05.31"]
[SourceVersion "1"]
[SourceVersionDate "2021.05.31"]
[SourceQuality "1"]

1. e4 e5 2. Nf3 Nf6 3. d4 exd4 4. e5 Ne4 5. Qxd4 d5 6. exd6 Nxd6 7. Bd3 Nc6 8. Qf4 g6 9. 0-0 Bg7 10. Re1+ Be6 11. Nbd2 0-0 12. Ne4 Nb4 13. Nf6+ Qxf6 14. Qxb4 Bd5 15. Ne5 Rfe8 16. f4 Nf5 17. Bd2 Rad8 18. Bc3 Qd6 19. Qxd6 cxd6 20. Ng4 Nh4 21. Nf6+ Bxf6 22. Bxf6 Nxg2 23. Red1 Rc8 24. Bb5 Nxf4 25. Bxe8 Rxe8 26. Re1 Be4 27. Rad1 Re6 28. Bd4 d5 29. Bxa7 b6 30. Re3 Rc6 31. Rd2 b5 32. Rb3 Ra6 33. Bd4 h5 34. Rxb5 g5 35. a3 g4 36. Kf2 Kh7 37. Kg3 Ne6 38. Rb7 Kg6 39. Rb6 Ra4 40. c3 Bf3 41. Rb4 Ra8 42. h4 Kf5 43. Be3 Kg6 44. Rb6 Kf5 45. Rb4 Kg6 46. a4 Ng7 47. Rb6+ Kh7 48. Rf6 Rxa4 49. b4 Be4 50. Kf4 Ne6+ 51. Ke5 Kg8 52. b5 Bh1 53. b6 Ra5 54. Bd4 Rb5 55. Rxe6 fxe6 56. Kxe6 1-0

[Event "Rasht Khazar op 18th"]
[Site "Rasht"]
[Date "2020.02.15"]
[Round "4"]
[White "Mosadeghpour, Masoud"]
[Black "Jahedi, Mani"]
[Result "1-0"]
[WhiteElo "2499"]
[BlackElo "2127"]
[PlyCount "115"]
[EventDate "2020.02.13"]
[EventType "swiss"]
[EventRounds "9"]
[EventCountry "IRI"]
[SourceTitle "CBM 195 Extra"]
[Source "ChessBase"]
[SourceDate "2020.05.31"]
[SourceVersion "1"]
[SourceVersionDate "2020.05.31"]
[SourceQuality "1"]

1. e4 c5 2. Nf3 Nc6 3. d4 cxd4 4. c3 Nf6 5. e5 Nd5 6. Bc4 Nb6 7. Bb3 d6 8. exd6 Qxd6 9. 0-0 Be6 10. Na3 Bxb3 11. Qxb3 e6 12. Nb5 Qd7 13. Nbxd4 Nxd4 14. Nxd4 Be7 15. Rd1 0-0 16. Nf5 Qc7 17. Nxe7+ Qxe7 18. Bf4 Nd5 19. Bg3 Rfd8 20. Rd4 Rd7 21. Rad1 Rad8 22. h3 Nb6 23. Bh4 g5 24. Rxd7 Nxd7 25. Bg3 Nc5 26. Rxd8+ Qxd8 27. Qb5 Ne4 28. Be5 b6 29. Bd4 f6 30. Qc6 Qd5 31. Qe8+ Kg7 32. Qe7+ Kg8 33. Bxf6 Nxf6 34. Qxf6 Qxa2 35. Qxg5+ Kf7 36. Qf4+ Kg6 37. Qe4+ Kg7 38. Qd4+ Kg6 39. Qd3+ Kg7 40. Qd2 h6 41. h4 Kg6 42. Qe2 Qd5 43. Qg4+ Kf6 44. Qf4+ Kg6 45. g4 Qd1+ 46. Kg2 Qd5+ 47. Kh2 Qb3 48. h5+ Kg7 49. Qc7+ Kg8 50. Qb8+ Kg7 51. Qxa7+ Kg8 52. Qb8+ Kg7 53. Qe5+ Kf7 54. Qf4+ Kg7 55. Qe4 Qxb2 56. Qg6+ Kf8 57. Qxh6+ Ke7 58. Qe3 1-0

[Event "Avicenna op 16th"]
[Site "Hamedan"]
[Date "2019.09.19"]
[Round "9"]
[White "Jahedi, Mani"]
[Black "Sanikidze, Tornike"]
[Result "0-1"]
[WhiteElo "2168"]
[BlackElo "2515"]
[PlyCount "68"]
[EventDate "2019.09.12"]
[EventType "swiss"]
[EventRounds "9"]
[EventCountry "IRI"]
[SourceTitle "EXT 2020"]
[Source "ChessBase"]
[SourceDate "2019.10.17"]
[SourceVersion "1"]
[SourceVersionDate "2019.10.17"]
[SourceQuality "1"]

1. e4 c5 2. Nf3 d6 3. Bb5+ Nd7 4. 0-0 a6 5. Bxd7+ Bxd7 6. d4 cxd4 7. Qxd4 Rc8 8. Nc3 e5 9. Qd3 h6 10. Nd2 Be6 11. Rd1 Nf6 12. Nf1 Be7 13. a4 Rc4 14. Be3 Qa5 15. Ra3 0-0 16. Rb3 Rb4 17. Rxb4 Qxb4 18. Bc1 Rc8 19. Ne3 Bf8 20. f3 Bd7 21. Bd2 Qxb2 22. Rb1 Qa3 23. Rb3 Qc5 24. Rxb7 Bc6 25. Rb3 Qa7 26. g3 Nd7 27. Rb1 Qd4 28. a5 f5 29. Ne2 Qa7 30. Bb4 Bb5 31. Qd5+ Kh8 32. Kf2 Rxc2 33. Re1 f4 34. gxf4 exf4 0-1

[Event "Avicenna op 16th"]
[Site "Hamedan"]
[Date "2019.09.13"]
[Round "2"]
[White "Jahedi, Mani"]
[Black "Lomsadze, David"]
[Result "1/2-1/2"]
[WhiteElo "2168"]
[BlackElo "2304"]
[PlyCount "79"]
[EventDate "2019.09.12"]
[EventType "swiss"]
[EventRounds "9"]
[EventCountry "IRI"]
[SourceTitle "EXT 2020"]
[Source "ChessBase"]
[SourceDate "2019.10.17"]
[SourceVersion "1"]
[SourceVersionDate "2019.10.17"]
[SourceQuality "1"]

1. e4 g6 2. d4 Bg7 3. Nc3 d6 4. g3 Nd7 5. Bg2 e5 6. Nge2 Ngf6 7. h3 0-0 8. Be3 exd4 9. Bxd4 Re8 10. 0-0 a5 11. a4 Ne5 12. f4 Nc6 13. Bf2 Be6 14. Qd2 Nd7 15. Rfe1 Nb4 16. Rad1 f6 17. Nd4 Bf7 18. Nd5 c6 19. Nxb4 axb4 20. Nb3 Nb6 21. Qxb4 Nxa4 22. Rxd6 Qe7 23. Qd4 Red8 24. Rxd8+ Qxd8 25. Nc5 Nxc5 26. Qxc5 h5 27. Bf3 Qc8 28. Kh2 Ra4 29. Re2 Qd7 30. Qe3 Qe7 31. Rd2 g5 32. b3 Ra2 33. c4 Ra3 34. Rd3 gxf4 35. gxf4 Bh6 36. h4 Ra2 37. Rd2 Ra3 38. Rd3 Ra2 39. Rd2 Ra3 40. Rd3 1/2-1/2

[Event "Khomeyn Aftab Cup op 3rd"]
[Site "Khomeyn"]
[Date "2019.08.25"]
[Round "4"]
[White "Jahedi, Mani"]
[Black "Poormosavi, Seyed Kian"]
[Result "0-1"]
[WhiteElo "2191"]
[BlackElo "2241"]
[PlyCount "74"]
[EventDate "2019.08.23"]
[EventType "swiss"]
[EventRounds "9"]
[EventCountry "IRI"]
[SourceTitle "EXT 2020"]
[Source "ChessBase"]
[SourceDate "2019.10.17"]
[SourceVersion "1"]
[SourceVersionDate "2019.10.17"]
[SourceQuality "1"]

1. e4 c6 2. Ne2 d5 3. e5 c5 4. d4 Nc6 5. c3 Bf5 6. dxc5 e6 7. Nd4 Bxc5 8. Nxf5 exf5 9. Bd3 Nge7 10. f4 0-0 11. Nd2 f6 12. exf6 Rxf6 13. Nf3 Nc8 14. Qb3 Nb6 15. Bd2 Qe8+ 16. Kd1 Qg6 17. g3 Qh5 18. Rf1 Rc8 19. Qb5 Bf8 20. a4 Kh8 21. b3 Nb8 22. a5 a6 23. Qxb6 Rxb6 24. axb6 Nc6 25. Kc1 d4 26. Kb2 Bc5 27. Rae1 Bxb6 28. Bc4 Ba5 29. Ng5 dxc3+ 30. Bxc3 Bxc3+ 31. Kxc3 h6 32. Nf7+ Kh7 33. Nd6 Rf8 34. Nxb7 Qxh2 35. Re3 Qa2 36. Nd6 Qa5+ 37. Kb2 Qd2+ 0-1

[Event "Ghaem Cup 1st"]
[Site "Qaem Shahr"]
[Date "2019.04.20"]
[Round "1"]
[White "Kreisl, Robert"]
[Black "Jahedi, Mani"]
[Result "1/2-1/2"]
[WhiteElo "2397"]
[BlackElo "2177"]
[PlyCount "37"]
[EventDate "2019.04.20"]
[EventType "swiss"]
[EventRounds "9"]
[EventCountry "IRI"]
[SourceTitle "CBM 190 Extra"]
[Source "ChessBase"]
[SourceDate "2019.07.15"]
[SourceVersion "1"]
[SourceVersionDate "2019.07.15"]
[SourceQuality "1"]

1. Nf3 d5 2. g3 c5 3. Bg2 Nc6 4. 0-0 e5 5. c4 Nf6 6. cxd5 Nxd5 7. Nc3 Be6 8. Ng5 Qxg5 9. Nxd5 Qd8 10. e4 Qd7 11. d3 Be7 12. a3 0-0 13. Qa4 Rfd8 14. Be3 Rab8 15. Rac1 b5 16. Nxe7+ Qxe7 17. Qc2 c4 18. dxc4 bxc4 19. f4 1/2-1/2

[Event "Avicenna op-B 15th"]
[Site "Hamedan"]
[Date "2018.08.22"]
[Round "8"]
[White "Jahedi, Mani"]
[Black "Vahdatian, Davood"]
[Result "1-0"]
[WhiteElo "2017"]
[BlackElo "1989"]
[PlyCount "59"]
[EventDate "2018.08.17"]
[EventType "swiss"]
[EventRounds "11"]
[EventCountry "IRI"]
[SourceTitle "EXT 2019"]
[Source "ChessBase"]
[SourceDate "2018.10.10"]
[SourceVersion "1"]
[SourceVersionDate "2018.10.10"]
[SourceQuality "1"]

1. e4 e6 2. d4 d5 3. e5 c5 4. c3 Nc6 5. Nf3 Bd7 6. Be2 f6 7. 0-0 Qc7 8. Re1 0-0-0 9. Bf4 h6 10. h4 Be8 11. Bg3 f5 12. Na3 Bh5 13. Nb5 Qf7 14. dxc5 Bxf3 15. Bxf3 Bxc5 16. b4 Bf8 17. c4 a6 18. cxd5 axb5 19. dxc6 Rxd1 20. cxb7+ Kb8 21. Rexd1 Qc7 22. Rac1 Qxc1 23. Rxc1 Ne7 24. Rd1 Nd5 25. Bxd5 exd5 26. Rxd5 Kxb7 27. Rxb5+ Kc6 28. Rb8 g5 29. hxg5 hxg5 30. e6 1-0

[Event "Wch U12"]
[Site "Batumi"]
[Date "2016.10.28"]
[Round "9"]
[White "Huang, Renjie"]
[Black "Jahedi, Mani"]
[Result "1-0"]
[WhiteElo "2084"]
[BlackElo "2004"]
[PlyCount "103"]
[EventDate "2016.10.19"]
[EventType "swiss"]
[EventRounds "11"]
[EventCountry "GEO"]
[SourceTitle "EXT 2018"]
[Source "ChessBase"]
[SourceDate "2017.10.13"]
[SourceVersion "1"]
[SourceVersionDate "2017.10.13"]
[SourceQuality "1"]

1. e4 c5 2. Nf3 Nc6 3. d4 cxd4 4. Nxd4 g6 5. Nc3 Bg7 6. Be3 Nf6 7. Bc4 0-0 8. Bb3 a5 9. 0-0 a4 10. Nxa4 Nxe4 11. Nb5 d6 12. Qe2 Ra6 13. c4 Nf6 14. h3 Be6 15. Rfd1 Na5 16. Rac1 Ne8 17. Nc5 Nxb3 18. axb3 Ra2 19. Na4 Bd7 20. Bb6 Qc8 21. Nbc3 Bxa4 22. Nxa2 Bxb3 23. Rd3 Bxa2 24. Ra3 Qc6 25. Be3 Bxc4 26. Rxc4 Qb5 27. Rc2 Qxe2 28. Rxe2 Nc7 29. Rb3 b5 30. Rc2 Nd5 31. Rxb5 Nxe3 32. fxe3 Ra8 33. b4 Be5 34. Kf2 Ra7 35. Rb8+ Kg7 36. b5 d5 37. Rd8 e6 38. b6 Rb7 39. Rc6 Bb8 40. Rdc8 Be5 41. Ra8 Bb8 42. Ke2 Kf6 43. Kd3 Ke5 44. Kc3 d4+ 45. exd4+ Kd5 46. Rc5+ Ke4 47. Rb5 f6 48. Kc4 Bd6 49. Ra7 Rb8 50. b7 e5 51. d5 Kf5 52. Ra6 1-0

[Event "Wch U12"]
[Site "Batumi"]
[Date "2016.10.27"]
[Round "8"]
[White "Jahedi, Mani"]
[Black "Kacharava, Nikoloz"]
[Result "1/2-1/2"]
[WhiteElo "2004"]
[BlackElo "2100"]
[PlyCount "93"]
[EventDate "2016.10.19"]
[EventType "swiss"]
[EventRounds "11"]
[EventCountry "GEO"]
[SourceTitle "EXT 2018"]
[Source "ChessBase"]
[SourceDate "2017.10.13"]
[SourceVersion "1"]
[SourceVersionDate "2017.10.13"]
[SourceQuality "1"]

1. d4 d6 2. c4 e5 3. e3 Nd7 4. Nf3 g6 5. Nc3 Bg7 6. Bd3 Ne7 7. Bc2 0-0 8. 0-0 f5 9. b3 e4 10. Ng5 Nf6 11. f3 exf3 12. Nxf3 c6 13. Bb2 d5 14. Ne5 Be6 15. Ne2 Nd7 16. Nf4 Bf7 17. Nxf7 Rxf7 18. Ne6 Qc8 19. Nxg7 Rxg7 20. Ba3 Qc7 21. Rc1 Nf6 22. h3 Re8 23. Bb4 Nc8 24. Rf3 Nd6 25. Be1 Nde4 26. Bxe4 Rxe4 27. Bg3 Qd7 28. Be5 Rf7 29. Qd2 dxc4 30. Bxf6 Rxf6 31. bxc4 c5 32. d5 Ra6 33. Rf4 Re8 34. Rc3 Ra4 35. Qc2 Ra6 36. a3 Qd6 37. Qd3 Rb6 38. h4 Rb2 39. h5 Qf6 40. Rb3 Rxb3 41. Qxb3 b6 42. Qd3 Qe5 43. Kf2 Kg7 44. Rf3 Qb2+ 45. Kg1 Qa1+ 46. Kf2 Qb2+ 47. Kg1 1/2-1/2

[Event "Wch U12"]
[Site "Batumi"]
[Date "2016.10.22"]
[Round "4"]
[White "Jahedi, Mani"]
[Black "Kushagra, Mohan"]
[Result "1-0"]
[WhiteElo "2004"]
[BlackElo "1872"]
[PlyCount "123"]
[EventDate "2016.10.19"]
[EventType "swiss"]
[EventRounds "11"]
[EventCountry "GEO"]
[SourceTitle "EXT 2018"]
[Source "ChessBase"]
[SourceDate "2017.10.13"]
[SourceVersion "1"]
[SourceVersionDate "2017.10.13"]
[SourceQuality "1"]

1. e4 e5 2. Nf3 Nc6 3. Bc4 Bc5 4. d3 Nf6 5. c3 0-0 6. Nbd2 a6 7. Bb3 d6 8. h3 Ba7 9. Nf1 Ne7 10. Ng3 Ng6 11. 0-0 h6 12. Nh2 Be6 13. Bc2 Qc8 14. Nh5 Nh7 15. Be3 Nh4 16. Bxa7 Rxa7 17. f4 Nxg2 18. Kxg2 Bxh3+ 19. Kh1 Bxf1 20. Qxf1 g6 21. Qg1 Ra8 22. f5 Kh8 23. Ng3 Qd8 24. Rf1 h5 25. Bb3 Qg5 26. Nf3 Qh6 27. Qh2 a5 28. Nh4 g5 29. Qd2 a4 30. Bc4 Qf6 31. Ng2 h4 32. Ne2 g4 33. Qe1 g3 34. Ne3 Qg5 35. Ng1 Rg8 36. Kg2 Rg7 37. Nh3 Qf6 38. Qe2 Rf8 39. Qh5 c6 40. a3 Qd8 41. f6 Rg6 42. Bxf7 Rxf6 43. Ng5 Rf2+ 44. Rxf2 Qxg5 45. Rf3 Qg7 46. Be6 Rxf3 47. Qxf3 Qh6 48. Bh3 Ng5 49. Qe2 Qh7 50. Qg4 Nf7 51. Nf5 d5 52. Nxh4 dxe4 53. dxe4 Nd6 54. Ng6+ Kg7 55. Nxe5+ Kh8 56. Ng6+ Kg7 57. Qd7+ Nf7 58. Qd4+ Kg8 59. Qf6 Qh5 60. Nf4 Qb5 61. Be6 Qxb2+ 62. Kxg3 1-0

[Event "Wch U12"]
[Site "Batumi"]
[Date "2016.10.20"]
[Round "2"]
[White "Jahedi, Mani"]
[Black "Bjerre, Jonas Buhl"]
[Result "0-1"]
[WhiteElo "2004"]
[BlackElo "2375"]
[PlyCount "142"]
[EventDate "2016.10.19"]
[EventType "swiss"]
[EventRounds "11"]
[EventCountry "GEO"]
[SourceTitle "EXT 2018"]
[Source "ChessBase"]
[SourceDate "2017.10.13"]
[SourceVersion "1"]
[SourceVersionDate "2017.10.13"]
[SourceQuality "1"]

1. e4 c5 2. Nf3 d6 3. d4 cxd4 4. Nxd4 Nf6 5. Nc3 a6 6. Bg5 Nbd7 7. f4 Qc7 8. Qf3 h6 9. Bh4 e6 10. 0-0-0 Be7 11. Bxf6 Nxf6 12. g4 b5 13. a3 g5 14. fxg5 hxg5 15. Bg2 Bb7 16. Qg3 Nd7 17. Rhe1 Ne5 18. h3 Rc8 19. Re2 Nc4 20. Rd3 Bf6 21. Qf2 Be5 22. Kb1 Qc5 23. Nf3 Qxf2 24. Rxf2 Bf4 25. Ka2 Ne3 26. Ne1 Nxg2 27. Nxg2 Be5 28. Re2 Ke7 29. Ne1 Rc4 30. Red2 Bxe4 31. Nxe4 Rxe4 32. Nf3 Bf4 33. Rf2 Re3 34. Rxe3 Bxe3 35. Rh2 Bf4 36. Rh1 d5 37. Kb3 e5 38. Kb4 f5 39. gxf5 g4 40. Ne1 gxh3 41. Nd3 Bd2+ 42. Kc5 e4 43. Ne5 Kf6 44. Kxd5 Re8 45. Kxe4 Rxe5+ 46. Kd3 Rd5+ 47. Ke4 Rxf5 48. Rxh3 Rc5 49. c3 Bc1 50. Rh2 Ke6 51. Rg2 Re5+ 52. Kd3 Kd5 53. Kc2 Bf4 54. Kb3 Re4 55. Kc2 Be5 56. Kd3 Rh4 57. Rg6 Rh3+ 58. Kc2 a5 59. Kb3 Rh4 60. Rb6 a4+ 61. Kc2 Rh2+ 62. Kb1 Kc4 63. Ka1 Bf4 64. Kb1 Rh1+ 65. Ka2 Bc1 66. Rg6 Rh2 67. Rg4+ Kd3 68. Rd4+ Ke3 69. Kb1 Bxb2 70. Rb4 Bxc3 71. Rxb5 Kd3 0-1

[Event "Tehran m3"]
[Site "Tehran"]
[Date "2016.09.04"]
[Round "4.1"]
[White "Jahedi, Mani"]
[Black "Poormosavi, Seyed Kian"]
[Result "1-0"]
[WhiteElo "1951"]
[BlackElo "2086"]
[PlyCount "81"]
[EventDate "2016.09.01"]
[EventType "match"]
[EventRounds "4"]
[EventCountry "IRI"]
[SourceTitle "EXT 2018"]
[Source "ChessBase"]
[SourceDate "2017.10.13"]
[SourceVersion "1"]
[SourceVersionDate "2017.10.13"]
[SourceQuality "1"]

1. e4 c5 2. Nf3 e6 3. d3 Nc6 4. Nbd2 g6 5. g3 Bg7 6. Bg2 d6 7. 0-0 Nge7 8. Re1 e5 9. c3 0-0 10. a3 a5 11. a4 h6 12. Nc4 Be6 13. Nh4 g5 14. Nf3 f5 15. exf5 Nxf5 16. Ne3 Qd7 17. Nxf5 Bxf5 18. Nd2 Qf7 19. Ne4 Rad8 20. Rf1 Ne7 21. f4 exf4 22. gxf4 g4 23. Ng3 b6 24. Nxf5 Nxf5 25. Qxg4 d5 26. Bd2 Kh8 27. Kh1 d4 28. Be4 dxc3 29. bxc3 Nd6 30. Bg2 Nc4 31. dxc4 Rxd2 32. Bd5 Qf6 33. Rae1 Qxc3 34. Rg1 Qb2 35. Qg3 Rxd5 36. cxd5 Qd4 37. Qg2 c4 38. Re4 Qf6 39. Rxc4 Rg8 40. Rc7 Qd4 41. d6 1-0

[Event "Asian Schools-ch 12th U13"]
[Site "Tehran"]
[Date "2016.07.12"]
[Round "3.1"]
[White "Jahedi, Mani"]
[Black "Nurmamedov, Azat"]
[Result "0-1"]
[WhiteElo "1943"]
[BlackElo "2043"]
[PlyCount "74"]
[EventDate "2016.07.11"]
[EventType "swiss"]
[EventRounds "9"]
[EventCountry "IRI"]
[SourceTitle "EXT 2024"]
[Source "ChessBase"]
[SourceDate "2023.10.10"]
[SourceVersion "1"]
[SourceVersionDate "2023.10.10"]
[SourceQuality "1"]

1. e4 c5 2. Nf3 d6 3. d4 cxd4 4. Nxd4 Nf6 5. Nc3 a6 6. a4 e5 7. Nf3 Qc7 8. Be2 h6 9. Be3 Be6 10. 0-0 Be7 11. Kh1 0-0 12. Ne1 Nbd7 13. f4 Rfd8 14. Nd3 Rac8 15. Qe1 Bc4 16. Qg3 Kh7 17. Rfe1 Re8 18. Rad1 Bf8 19. Nc1 Bxe2 20. Rxe2 Qc4 21. Bf2 b5 22. axb5 axb5 23. Qd3 b4 24. Qxc4 Rxc4 25. Nb5 Rxe4 26. Nxd6 Bxd6 27. Rxd6 exf4 28. Rxe4 Rxe4 29. Nd3 Ne5 30. Nxe5 Rxe5 31. Kg1 Re2 32. Rd4 Rxc2 33. Be1 Rxb2 34. Bxb4 Ng4 35. g3 Rb1+ 36. Kg2 Ne3+ 37. Kh3 fxg3 0-1

[Event "Asia-ch U12"]
[Site "Ulaanbaatar"]
[Date "2016.04.14"]
[Round "9"]
[White "Jahedi, Mani"]
[Black "Ngo, Duc Tri"]
[Result "0-1"]
[WhiteElo "1929"]
[BlackElo "2010"]
[PlyCount "72"]
[EventDate "2016.04.06"]
[EventType "swiss"]
[EventRounds "9"]
[EventCountry "MGL"]
[SourceTitle "EXT 2017"]
[Source "ChessBase"]
[SourceDate "2016.10.25"]
[SourceVersion "1"]
[SourceVersionDate "2016.10.25"]
[SourceQuality "1"]

1. e4 e6 2. d3 d5 3. Nd2 Nf6 4. Ngf3 c5 5. g3 b5 6. Bg2 Be7 7. Qe2 dxe4 8. dxe4 b4 9. 0-0 Ba6 10. Nc4 Nc6 11. e5 Nd5 12. Nd6+ Qxd6 13. Qxa6 Nxe5 14. Qxd6 Bxd6 15. Nxe5 Bxe5 16. Bxd5 exd5 17. Re1 f6 18. f4 Kd7 19. fxe5 Rhe8 20. Bf4 g5 21. Bd2 Rxe5 22. Rxe5 fxe5 23. Bxg5 d4 24. Kf2 Kd6 25. Ke2 Rg8 26. Bd2 e4 27. Rf1 a5 28. Rf5 e3 29. Be1 a4 30. Kd3 Rc8 31. c3 a3 32. bxa3 bxc3 33. Rh5 c4+ 34. Ke2 Re8 35. Bxc3 dxc3 36. Rxh7 c2 0-1

[Event "Asia-ch U12"]
[Site "Ulaanbaatar"]
[Date "2016.04.13"]
[Round "8"]
[White "Jahedi, Mani"]
[Black "Peng, Shunkai"]
[Result "0-1"]
[WhiteElo "1929"]
[BlackElo "2166"]
[PlyCount "94"]
[EventDate "2016.04.06"]
[EventType "swiss"]
[EventRounds "9"]
[EventCountry "MGL"]
[SourceTitle "EXT 2017"]
[Source "ChessBase"]
[SourceDate "2016.10.25"]
[SourceVersion "1"]
[SourceVersionDate "2016.10.25"]
[SourceQuality "1"]

1. e4 c5 2. Nf3 d6 3. c3 Nf6 4. Be2 Nbd7 5. d3 g6 6. 0-0 Bg7 7. Nbd2 e5 8. Re1 0-0 9. Bf1 Qc7 10. Qc2 b6 11. b3 Bb7 12. Bb2 Rfe8 13. Rac1 d5 14. Qb1 Rac8 15. Qa1 Qb8 16. exd5 Nxd5 17. g3 Nc7 18. Bg2 Ne6 19. Rcd1 Qa8 20. Nh4 Bxg2 21. Nxg2 Qc6 22. h4 b5 23. Nf1 f5 24. Qc1 f4 25. Nd2 g5 26. Ne4 f3 27. Ne3 gxh4 28. Nf5 Nf4 29. gxf4 Qg6+ 30. Nfg3 hxg3 31. fxg3 exf4 32. Qxf4 Rf8 33. Qh4 f2+ 34. Nxf2 Ne5 35. Kg2 Nf3 36. Qe4 Nxe1+ 37. Rxe1 Qf7 38. Qe6 Qxe6 39. Rxe6 Rce8 40. Rxe8 Rxe8 41. Kf3 b4 42. Ne4 a5 43. a3 bxc3 44. Bxc3 Bxc3 45. Nxc3 Rb8 46. Ne4 Rxb3 47. Nxc5 Rxa3 0-1

[Event "Asia-ch U12"]
[Site "Ulaanbaatar"]
[Date "2016.04.09"]
[Round "5"]
[White "Jahedi, Mani"]
[Black "Shermuhammadov, Samandar"]
[Result "1-0"]
[WhiteElo "1929"]
[BlackElo "1733"]
[PlyCount "85"]
[EventDate "2016.04.06"]
[EventType "swiss"]
[EventRounds "9"]
[EventCountry "MGL"]
[SourceTitle "EXT 2017"]
[Source "ChessBase"]
[SourceDate "2016.10.25"]
[SourceVersion "1"]
[SourceVersionDate "2016.10.25"]
[SourceQuality "1"]

1. e4 d6 2. d4 g6 3. Nc3 Bg7 4. Bg5 Nc6 5. Be3 Nf6 6. h3 0-0 7. Nf3 e5 8. dxe5 dxe5 9. Bc4 Qe7 10. 0-0 h6 11. Qe2 Be6 12. a3 Rad8 13. Rad1 Ne8 14. Nd5 Bxd5 15. Bxd5 Nd4 16. Bxd4 exd4 17. Bxb7 c5 18. Ba6 Nc7 19. Bc4 Ne6 20. g3 Kh7 21. Rfe1 Qc7 22. h4 d3 23. cxd3 Nd4 24. Nxd4 Bxd4 25. Kh2 Qb8 26. b3 f5 27. f4 fxe4 28. dxe4 Rde8 29. Qg2 Qc7 30. Re2 g5 31. hxg5 hxg5 32. Qh3+ Kg6 33. Qg4 Qh7+ 34. Kg2 Qe7 35. Be6 Qf6 36. f5+ Kg7 37. e5 Bxe5 38. Rd7+ Re7 39. Rxe7+ Qxe7 40. Rxe5 Rd8 41. f6+ Qxf6 42. Rxg5+ Kf8 43. Rf5 1-0